Разорванный круг, или Двойной супружеский капкан: Роман

Dades bibliogràfiques
Autor principal: Новиков Н. М. Николай Михайлович
Sumari:Исключено из фонда НТБ ТПУ
Idioma:rus
Publicat: Москва, ЭКСМО, 1996
Col·lecció:Баттерфляй
Format: MixedMaterials Llibre
KOHA link:https://koha.lib.tpu.ru/cgi-bin/koha/opac-detail.pl?biblionumber=12567

MARC

LEADER 00000nam0a2200000 4500
001 12567
005 20231030184418.0
010 |a 5855858073 
035 |a (RuTPU)RU\TPU\book\12645 
090 |a 12567 
100 |a 20011209d1996 m y0rusy50 ca 
101 0 |a rus 
102 |a RU 
105 |a y z 000ay 
200 1 |a Разорванный круг, или Двойной супружеский капкан  |e Роман  |f Н. М. Новиков 
210 |a Москва  |c ЭКСМО  |d 1996 
215 |a 416 с. 
225 1 |a Баттерфляй 
333 |a Исключено из фонда НТБ ТПУ 
700 1 |a Новиков  |b Н. М.  |g Николай Михайлович 
801 0 |a RU  |b 63413507  |c 20011209  |g PSBO 
801 2 |a RU  |b 63413507  |c 20170518  |g PSBO 
942 |c BK